[Event "DVM U16w 2024"]
[Site "Neumünster GER"]
[Date "2024.12.30"]
[Round "7"]
[White "Wu, Zixuan Anja"]
[Black "Klotz, Emilia Marie"]
[Result "0-1"]
[Termination "normal"]
[Board "7.4"]
[WhiteElo "1089"]
[BlackElo "781"]
[WhiteClock "00:54:02"]
[BlackClock "00:34:10"]
[WhiteTeam "SG Leipzig"]
[BlackTeam "SV Stuttgart-Wolfbusch 1956"]
[PlyCount "50"]
[WhiteFideId "34639934"]
[EventCountry "GER"]
[EventRounds "7"]
[EventType "team-swiss"]
[EventDate "2024.12.26"]

1. e4 {[%clk 01:30:58]} e5 {[%clk 01:30:46]} {[%emt 00:00:14]} 2. Nf3 {[%clk
01:31:25]} {[%emt 00:00:04]} Nc6 {[%clk 01:31:01]} {[%emt 00:00:14]} 3. Bc4
{[%clk 01:31:48]} {[%emt 00:00:07]} Bc5 {[%clk 01:31:15]} {[%emt 00:00:16]} 4.
O-O {[%clk 01:31:56]} {[%emt 00:00:21]} Nf6 {[%clk 01:31:34]} {[%emt 00:00:11]}
5. d3 {[%clk 01:32:20]} {[%emt 00:00:07]} O-O {[%clk 01:31:48]} {[%emt
00:00:17]} 6. c3 {[%clk 01:32:41]} {[%emt 00:00:09]} d6 {[%clk 01:31:50]}
{[%emt 00:00:27]} 7. h3 {[%clk 01:33:03]} {[%emt 00:00:08]} Re8 {[%clk
01:31:17]} {[%emt 00:01:03]} 8. Re1 {[%clk 01:33:15]} {[%emt 00:00:18]} Be6
{[%clk 01:31:20]} {[%emt 00:00:26]} 9. Bb3 {[%clk 01:33:04]} {[%emt 00:00:42]}
Rb8 {[%clk 01:24:39]} {[%emt 00:07:10]} 10. Nbd2 {[%clk 01:30:32]} {[%emt
00:03:02]} d5 {[%clk 01:19:11]} {[%emt 00:05:58]} 11. exd5 {[%clk 01:25:14]}
{[%emt 00:05:49]} Bxd5 {[%clk 01:18:40]} {[%emt 00:01:01]} 12. Bxd5 {[%clk
01:22:30]} {[%emt 00:03:14]} Qxd5 {[%clk 01:13:29]} {[%emt 00:05:40]} 13. Nf1
{[%clk 01:18:49]} {[%emt 00:04:11]} Re7 {[%clk 01:06:27]} {[%emt 00:07:32]} 14.
Ne3 {[%clk 01:14:07]} {[%emt 00:05:13]} Bxe3 {[%clk 01:02:30]} {[%emt
00:04:26]} 15. Bxe3 {[%clk 01:11:37]} {[%emt 00:03:02]} Rbe8 {[%clk 00:54:03]}
{[%emt 00:08:56]} 16. Bg5 {[%clk 01:09:35]} {[%emt 00:02:31]} Re6 {[%clk
00:52:54]} {[%emt 00:01:38]} 17. Bxf6 {[%emt 00:01:43]} Rxf6 {[%clk 00:52:49]}
{[%emt 00:00:32]} 18. Ng5 {[%clk 01:06:38]} {[%emt 00:02:18]} Rg6 {[%clk
00:50:19]} {[%emt 00:03:00]} 19. Qh5 {[%clk 00:57:17]} {[%emt 00:09:50]} h6
{[%clk 00:41:48]} {[%emt 00:09:03]} 20. c4 {[%clk 00:55:07]} {[%emt 00:02:39]}
Qxd3 {[%clk 00:37:48]} {[%emt 00:01:19]} 21. Nf3 {[%clk 00:54:46]} {[%emt
00:03:58]} Qxc4 {[%clk 00:36:46]} {[%emt 00:01:37]} 22. Nxe5 {[%clk 00:54:39]}
{[%emt 00:00:37]} Nxe5 {[%clk 00:36:36]} {[%emt 00:00:41]} 23. Rxe5 {[%clk
00:54:52]} {[%emt 00:00:16]} Rxe5 {[%clk 00:36:25]} {[%emt 00:00:41]} 24. Qxe5
{[%clk 00:55:05]} {[%emt 00:00:17]} Re6 {[%clk 00:34:10]} {[%emt 00:02:46]} 25.
Rc1 {[%clk 00:54:02]} {[%emt 00:01:33]} Qxc1+ {[%emt 00:05:22]} 0-1

[Event "DVM U16w 2024"]
[Site "Neumünster GER"]
[Date "2024.12.30"]
[Round "7"]
[White "Gold, Finnja"]
[Black "Hergenröder, Cora"]
[Result "0-1"]
[Termination "normal"]
[Board "8.2"]
[WhiteElo "1657"]
[BlackElo "1681"]
[WhiteClock "01:05:05"]
[BlackClock "00:01:12"]
[WhiteTeam "SV Nürtingen 1920"]
[BlackTeam "ATSV Oberkotzau"]
[PlyCount "108"]
[WhiteFideId "34660453"]
[BlackFideId "34603700"]
[EventCountry "GER"]
[EventRounds "7"]
[EventType "team-swiss"]
[EventDate "2024.12.26"]

1. e4 {[%clk 01:30:55]} {[%emt 00:00:04]} c6 {[%clk 01:30:55]} {[%emt
00:00:05]} 2. d4 {[%clk 01:31:16]} {[%emt 00:00:08]} d5 {[%clk 01:31:22]}
{[%emt 00:00:04]} 3. exd5 {[%clk 01:31:40]} {[%emt 00:00:06]} cxd5 {[%clk
01:31:45]} {[%emt 00:00:07]} 4. Bd3 {[%clk 01:32:02]} {[%emt 00:00:07]} Nc6
{[%clk 01:31:59]} {[%emt 00:00:17]} 5. c3 {[%clk 01:32:23]} {[%emt 00:00:09]}
Qc7 {[%clk 01:32:05]} {[%emt 00:00:24]} 6. h3 {[%clk 01:32:40]} {[%emt
00:00:12]} Nf6 {[%clk 01:31:29]} {[%emt 00:01:06]} 7. Nf3 {[%clk 01:32:57]}
{[%emt 00:00:12]} g6 {[%clk 01:30:21]} {[%emt 00:01:38]} 8. O-O {[%clk
01:33:16]} {[%emt 00:00:11]} Bf5 {[%clk 01:28:56]} {[%emt 00:01:56]} 9. Qe2
{[%clk 01:31:07]} {[%emt 00:02:38]} e6 {[%clk 01:25:41]} {[%emt 00:03:45]} 10.
Bg5 {[%clk 01:29:08]} {[%emt 00:02:28]} Bxd3 {[%clk 01:23:23]} {[%emt
00:02:49]} 11. Qxd3 {[%clk 01:29:21]} {[%emt 00:00:17]} Bg7 {[%clk 01:23:02]}
{[%emt 00:00:51]} 12. Nbd2 {[%clk 01:29:30]} {[%emt 00:00:21]} O-O {[%clk
01:21:55]} {[%emt 00:01:37]} 13. Rfe1 {[%clk 01:29:46]} {[%emt 00:00:14]} a6
{[%clk 01:17:48]} {[%emt 00:04:38]} 14. a3 {[%clk 01:26:45]} {[%emt 00:03:20]}
Rfc8 {[%clk 01:13:13]} {[%emt 00:05:16]} 15. Nf1 {[%clk 01:24:27]} {[%emt
00:02:47]} Na5 {[%clk 01:01:33]} {[%emt 00:12:11]} 16. Ne5 {[%clk 01:19:54]}
{[%emt 00:05:00]} Nh5 {[%clk 00:47:19]} {[%emt 00:14:45]} 17. Bc1 {[%clk
01:17:45]} {[%emt 00:02:39]} Nb3 {[%clk 00:41:10]} {[%emt 00:06:40]} 18. Rb1
{[%clk 01:17:47]} {[%emt 00:00:28]} Nxc1 {[%clk 00:41:01]} {[%emt 00:00:39]}
19. Rbxc1 {[%clk 01:17:50]} {[%emt 00:00:27]} Nf6 {[%clk 00:39:51]} {[%emt
00:01:40]} 20. Nd2 {[%clk 01:17:20]} {[%emt 00:00:59]} Nd7 {[%clk 00:34:48]}
{[%emt 00:05:33]} 21. Ndf3 {[%clk 01:17:30]} {[%emt 00:00:21]} Nb6 {[%clk
00:33:49]} {[%emt 00:01:29]} 22. Ng5 {[%clk 01:15:23]} {[%emt 00:02:31]} Bxe5
{[%clk 00:24:54]} {[%emt 00:09:31]} 23. Rxe5 {[%clk 01:13:31]} {[%emt
00:02:22]} Nc4 {[%clk 00:23:50]} {[%emt 00:01:34]} 24. Re2 {[%clk 01:13:47]}
{[%emt 00:00:13]} Qf4 {[%clk 00:23:26]} {[%emt 00:00:55]} 25. Rce1 {[%clk
01:11:58]} {[%emt 00:02:18]} Qxg5 {[%clk 00:23:40]} {[%emt 00:00:17]} 26. a4
{[%clk 01:11:16]} {[%emt 00:01:12]} Qe7 {[%clk 00:21:51]} {[%emt 00:02:20]} 27.
g3 {[%clk 01:09:05]} {[%emt 00:02:40]} Qc7 {[%clk 00:20:56]} {[%emt 00:01:24]}
28. h4 {[%clk 01:09:01]} {[%emt 00:00:34]} Nd6 {[%clk 00:15:54]} {[%emt
00:05:33]} 29. Re3 {[%clk 01:09:02]} {[%emt 00:00:29]} Qc4 {[%clk 00:15:20]}
{[%emt 00:01:04]} 30. Qxc4 {[%clk 01:07:43]} {[%emt 00:01:49]} Nxc4 {[%clk
00:15:39]} {[%emt 00:00:12]} 31. R3e2 {[%clk 01:07:54]} {[%emt 00:00:19]} b5
{[%clk 00:14:52]} {[%emt 00:01:17]} 32. b3 {[%clk 01:05:41]} {[%emt 00:02:43]}
Nb6 {[%clk 00:14:30]} {[%emt 00:00:52]} 33. a5 {[%clk 01:05:41]} {[%emt
00:00:31]} Nd7 {[%clk 00:14:39]} {[%emt 00:00:21]} 34. Re3 {[%clk 01:05:51]}
{[%emt 00:00:19]} Rc7 {[%clk 00:13:53]} {[%emt 00:01:17]} 35. b4 {[%clk
01:05:48]} {[%emt 00:00:33]} Rac8 {[%clk 00:13:47]} {[%emt 00:00:35]} 36. Rc1
{[%clk 01:05:59]} {[%emt 00:00:18]} Rc4 {[%clk 00:13:43]} {[%emt 00:00:34]} 37.
Kf1 {[%clk 01:05:12]} {[%emt 00:01:17]} Rxb4 {[%clk 00:13:56]} {[%emt
00:00:19]} 38. cxb4 {[%clk 01:05:09]} {[%emt 00:00:32]} Rxc1+ {[%clk 00:14:19]}
{[%emt 00:00:07]} 39. Ke2 {[%clk 01:05:27]} {[%emt 00:00:11]} Rc4 {[%clk
00:14:15]} {[%emt 00:00:35]} 40. Rb3 {[%clk 01:05:17]} {[%emt 00:00:40]} Rxd4
{[%clk 00:13:10]} {[%emt 00:01:35]} 41. Ke3 {[%clk 01:05:20]} {[%emt 00:00:27]}
Rc4 {[%clk 00:13:17]} {[%emt 00:00:24]} 42. f3 {[%clk 01:05:28]} {[%emt
00:00:21]} Ne5 {[%clk 00:11:47]} {[%emt 00:01:59]} 43. f4 {[%clk 01:05:27]}
{[%emt 00:00:32]} Nc6 {[%clk 00:09:34]} {[%emt 00:02:43]} 44. Kd3 {[%clk
01:05:30]} {[%emt 00:00:27]} Nxb4+ {[%clk 00:08:58]} {[%emt 00:01:06]} 45. Ke3
{[%clk 01:05:47]} {[%emt 00:00:13]} Nc2+ {[%clk 00:07:52]} {[%emt 00:01:36]}
46. Kd3 {[%clk 01:05:39]} {[%emt 00:00:37]} Nd4 {[%clk 00:06:43]} {[%emt
00:01:40]} 47. Rb1 {[%clk 01:05:27]} {[%emt 00:00:42]} Nf5 {[%clk 00:04:32]}
{[%emt 00:02:41]} 48. h5 {[%clk 01:05:00]} {[%emt 00:00:57]} Nxg3 {[%clk
00:04:08]} {[%emt 00:00:53]} 49. h6 {[%clk 01:05:24]} {[%emt 00:00:06]} Nf5
{[%clk 00:02:12]} {[%emt 00:02:26]} 50. Ke2 {[%clk 01:04:30]} {[%emt 00:01:24]}
Nxh6 {[%clk 00:02:19]} {[%emt 00:00:24]} 51. Kf3 {[%clk 01:04:51]} {[%emt
00:00:09]} Nf5 {[%clk 00:01:27]} {[%emt 00:01:22]} 52. Kg4 {[%clk 01:04:59]}
{[%emt 00:00:22]} h5+ {[%clk 00:00:58]} {[%emt 00:00:59]} 53. Kg5 {[%clk
01:04:48]} {[%emt 00:00:40]} Kg7 {[%clk 00:01:12]} {[%emt 00:00:16]} 54. Rc1
{[%clk 01:05:05]} {[%emt 00:00:13]} f6# {[%emt 00:00:19]} 0-1

[Event "DVM U16w 2024"]
[Site "Neumünster GER"]
[Date "2024.12.30"]
[Round "7"]
[White "Kasten, Luna Seraphine"]
[Black "Krasikova, Milana"]
[Result "0-1"]
[Termination "normal"]
[Board "9.1"]
[WhiteElo "1203"]
[BlackElo "1561"]
[WhiteClock "01:17:15"]
[BlackClock "01:18:30"]
[WhiteTeam "SV Eintracht Tangerhütte"]
[BlackTeam "Hamburger SK 1830"]
[PlyCount "26"]
[WhiteFideId "34681639"]
[BlackFideId "16287347"]
[EventCountry "GER"]
[EventRounds "7"]
[EventType "team-swiss"]
[EventDate "2024.12.26"]

1. c4 {[%clk 01:30:53]} {[%emt 00:00:06]} e5 {[%clk 01:30:35]} {[%emt
00:00:25]} 2. Nc3 {[%clk 01:30:52]} {[%emt 00:00:32]} Nc6 {[%clk 01:29:59]}
{[%emt 00:01:06]} 3. Nf3 {[%clk 01:28:06]} {[%emt 00:00:25]} Bc5 {[%clk
01:29:04]} {[%emt 00:04:15]} 4. e4 {[%clk 01:28:14]} {[%emt 00:00:19]} Nf6
{[%clk 01:28:48]} {[%emt 00:00:49]} 5. Bd3 {[%clk 01:28:30]} {[%emt 00:00:14]}
d6 {[%clk 01:27:23]} {[%emt 00:01:55]} 6. b3 {[%clk 01:27:19]} {[%emt
00:01:41]} Nd4 {[%clk 01:23:05]} {[%emt 00:04:48]} 7. Nxd4 {[%clk 01:23:59]}
{[%emt 00:03:48]} Bxd4 {[%clk 01:23:19]} {[%emt 00:00:19]} 8. Bb2 {[%clk
01:23:10]} {[%emt 00:01:18]} Ng4 {[%clk 01:22:03]} {[%emt 00:01:45]} 9. O-O
{[%clk 01:17:32]} {[%emt 00:06:08]} Qh4 {[%clk 01:21:13]} {[%emt 00:01:20]} 10.
h3 {[%clk 01:17:32]} {[%emt 00:00:32]} Nxf2 {[%clk 01:19:20]} {[%emt 00:02:23]}
11. Qe1 {[%clk 01:17:41]} {[%emt 00:00:20]} Nxh3+ {[%clk 01:18:15]} {[%emt
00:01:36]} 12. Kh2 {[%clk 01:17:24]} {[%emt 00:00:47]} Nf2+ {[%clk 01:18:35]}
{[%emt 00:00:10]} 13. Kg1 {[%clk 01:17:15]} {[%emt 00:00:38]} Qh1# {[%clk
01:18:30]} {[%emt 00:00:04]} 0-1

[Event "DVM U16w 2024"]
[Site "Neumünster GER"]
[Date "2024.12.30"]
[Round "7"]
[White "Abram, Kristina-Maria"]
[Black "Neitzke, Loreley"]
[Result "1-0"]
[Termination "normal"]
[Board "9.2"]
[WhiteElo "1460"]
[BlackElo "883"]
[WhiteClock "01:09:30"]
[BlackClock "01:17:43"]
[WhiteTeam "Hamburger SK 1830"]
[BlackTeam "SV Eintracht Tangerhütte"]
[PlyCount "55"]
[WhiteFideId "16298349"]
[EventCountry "GER"]
[EventRounds "7"]
[EventType "team-swiss"]
[EventDate "2024.12.26"]

1. d4 {[%clk 01:30:57]} {[%emt 00:00:02]} e6 {[%clk 01:30:35]} {[%emt
00:00:26]} 2. e4 {[%clk 01:31:13]} {[%emt 00:00:14]} c5 {[%clk 01:30:28]}
{[%emt 00:00:36]} 3. Nf3 {[%clk 01:28:45]} {[%emt 00:02:59]} d5 {[%clk
01:30:31]} {[%emt 00:00:27]} 4. exd5 {[%clk 01:28:00]} {[%emt 00:01:15]} exd5
{[%clk 01:30:40]} {[%emt 00:00:21]} 5. Bb5+ {[%clk 01:28:14]} {[%emt 00:00:15]}
Bd7 {[%clk 01:30:43]} {[%emt 00:00:27]} 6. Bxd7+ {[%clk 01:27:50]} {[%emt
00:00:54]} Qxd7 {[%clk 01:31:02]} {[%emt 00:00:11]} 7. O-O {[%clk 01:27:55]}
{[%emt 00:00:25]} Nf6 {[%clk 01:30:34]} {[%emt 00:00:58]} 8. Re1+ {[%clk
01:27:53]} {[%emt 00:00:32]} Be7 {[%clk 01:30:42]} {[%emt 00:00:22]} 9. dxc5
{[%clk 01:27:20]} {[%emt 00:01:04]} O-O {[%clk 01:30:34]} {[%emt 00:00:38]} 10.
Bg5 {[%clk 01:27:23]} {[%emt 00:00:25]} Nc6 {[%clk 01:30:20]} {[%emt 00:00:46]}
11. Nc3 {[%clk 01:27:11]} {[%emt 00:00:40]} Rfd8 {[%clk 01:29:56]} {[%emt
00:00:55]} 12. Qd2 {[%clk 01:23:56]} {[%emt 00:03:39]} d4 {[%clk 01:29:43]}
{[%emt 00:00:49]} 13. Bxf6 {[%clk 01:23:13]} {[%emt 00:01:12]} Bxf6 {[%clk
01:29:43]} {[%emt 00:00:30]} 14. Ne4 {[%clk 01:22:59]} {[%emt 00:00:38]} Qf5
{[%clk 01:25:55]} {[%emt 00:04:25]} 15. Nd6 {[%clk 01:18:58]} {[%emt 00:04:30]}
Qg6 {[%clk 01:25:39]} {[%emt 00:00:47]} 16. Nxb7 {[%clk 01:15:51]} {[%emt
00:03:36]} Rd5 {[%clk 01:25:30]} {[%emt 00:00:39]} 17. Qe2 {[%clk 01:15:24]}
{[%emt 00:00:45]} h6 {[%clk 01:23:36]} {[%emt 00:02:36]} 18. Qb5 {[%clk
01:10:16]} {[%emt 00:05:32]} Rc8 {[%clk 01:23:06]} {[%emt 00:01:06]} 19. Nd6
{[%clk 01:09:52]} {[%emt 00:00:50]} Ne7 {[%clk 01:21:21]} {[%emt 00:02:19]} 20.
Nxc8 {[%clk 01:10:03]} {[%emt 00:00:19]} Nxc8 {[%emt 00:00:50]} 21. Re8+ {[%emt
00:00:24]} Kh7 {[%clk 01:20:17]} {[%emt 00:00:20]} 22. Rxc8 {[%clk 01:10:25]}
{[%emt 00:00:08]} Qxc2 {[%clk 01:20:05]} {[%emt 00:00:42]} 23. Qb3 {[%clk
01:08:30]} {[%emt 00:02:15]} d3 {[%clk 01:20:22]} {[%emt 00:00:23]} 24. Qxd5
{[%clk 01:08:13]} {[%emt 00:00:47]} Qxb2 {[%clk 01:19:13]} {[%emt 00:01:39]}
25. Qxd3+ {[%clk 01:08:32]} {[%emt 00:00:10]} g6 {[%clk 01:18:43]} {[%emt
00:00:59]} 26. Rd1 {[%clk 01:08:54]} {[%emt 00:00:08]} Qxa2 {[%clk 01:18:39]}
{[%emt 00:00:35]} 27. c6 {[%clk 01:09:06]} {[%emt 00:00:17]} a5 {[%clk
01:17:43]} {[%emt 00:01:27]} 28. c7 {[%clk 01:09:30]} {[%emt 00:00:07]} 1-0

[Event "DVM U16w 2024"]
[Site "Neumünster GER"]
[Date "2024.12.30"]
[Round "7"]
[White "Quauck, Isabell"]
[Black "Yan, Jenny"]
[Result "0-1"]
[Termination "normal"]
[Board "9.3"]
[WhiteElo "1465"]
[BlackElo "1501"]
[WhiteClock "01:03:14"]
[BlackClock "01:14:28"]
[WhiteTeam "SV Eintracht Tangerhütte"]
[BlackTeam "Hamburger SK 1830"]
[PlyCount "26"]
[WhiteFideId "34665390"]
[BlackFideId "34630376"]
[EventCountry "GER"]
[EventRounds "7"]
[EventType "team-swiss"]
[EventDate "2024.12.26"]

1. e4 {[%clk 01:30:56]} {[%emt 00:00:03]} c5 {[%clk 01:30:55]} {[%emt
00:00:05]} 2. Nf3 {[%clk 01:26:49]} {[%emt 00:04:36]} e6 {[%clk 01:31:15]}
{[%emt 00:00:10]} 3. Nc3 {[%clk 01:21:32]} {[%emt 00:05:47]} Nc6 {[%clk
01:29:52]} {[%emt 00:01:53]} 4. d3 {[%clk 01:21:21]} {[%emt 00:00:40]} Nf6
{[%clk 01:29:13]} {[%emt 00:01:08]} 5. Bf4 {[%clk 01:21:30]} {[%emt 00:00:22]}
d5 {[%clk 01:28:31]} {[%emt 00:01:13]} 6. Nb5 {[%clk 01:21:12]} {[%emt
00:00:47]} Qa5+ {[%clk 01:27:57]} {[%emt 00:01:03]} 7. Nd2 {[%clk 01:11:21]}
{[%emt 00:10:21]} Qxb5 {[%clk 01:27:33]} {[%emt 00:00:54]} 8. b3 {[%clk
01:10:45]} {[%emt 00:01:06]} Qb6 {[%clk 01:26:30]} {[%emt 00:01:32]} 9. c4
{[%clk 01:08:22]} {[%emt 00:02:53]} Qd8 {[%clk 01:22:36]} {[%emt 00:04:23]} 10.
Qf3 {[%clk 01:05:14]} {[%emt 00:03:39]} Nd4 {[%clk 01:19:43]} {[%emt 00:03:22]}
11. Qd1 {[%clk 01:04:11]} {[%emt 00:01:33]} dxe4 {[%clk 01:16:23]} {[%emt
00:03:50]} 12. dxe4 {[%clk 01:04:20]} {[%emt 00:00:20]} Be7 {[%clk 01:15:27]}
{[%emt 00:01:26]} 13. Be5 {[%clk 01:03:14]} {[%emt 00:01:37]} O-O {[%clk
01:14:28]} 0-1

[Event "DVM U16w 2024"]
[Site "Neumünster GER"]
[Date "2024.12.30"]
[Round "7"]
[White "Blome, Antonia"]
[Black "Lippok, Hanna"]
[Result "1-0"]
[Termination "normal"]
[Board "9.4"]
[WhiteElo "1228"]
[BlackElo "744"]
[WhiteClock "01:08:48"]
[BlackClock "01:18:00"]
[WhiteTeam "Hamburger SK 1830"]
[BlackTeam "SV Eintracht Tangerhütte"]
[PlyCount "51"]
[WhiteFideId "34630090"]
[BlackFideId "34681655"]
[EventCountry "GER"]
[EventRounds "7"]
[EventType "team-swiss"]
[EventDate "2024.12.26"]

1. e4 {[%clk 01:30:58]} {[%emt 00:00:01]} e5 {[%clk 01:30:54]} {[%emt
00:00:07]} 2. Nc3 {[%clk 01:31:24]} {[%emt 00:00:04]} d6 {[%clk 01:31:05]}
{[%emt 00:00:18]} 3. Bc4 {[%clk 01:31:19]} {[%emt 00:00:36]} Nc6 {[%clk
01:30:14]} {[%emt 00:01:22]} 4. d3 {[%clk 01:31:18]} {[%emt 00:00:31]} Na5
{[%clk 01:30:35]} {[%emt 00:00:09]} 5. Bb3 {[%clk 01:31:19]} {[%emt 00:00:29]}
Nxb3 {[%clk 01:29:29]} {[%emt 00:01:35]} 6. axb3 {[%clk 01:31:43]} {[%emt
00:00:06]} Nf6 {[%clk 01:28:46]} {[%emt 00:01:13]} 7. f4 {[%clk 01:31:39]}
{[%emt 00:00:34]} Be7 {[%clk 01:27:58]} {[%emt 00:01:18]} 8. Nf3 {[%clk
01:31:29]} {[%emt 00:00:41]} Bg4 {[%clk 01:28:08]} {[%emt 00:00:20]} 9. h3
{[%clk 01:31:47]} {[%emt 00:00:12]} Bxf3 {[%clk 01:28:11]} {[%emt 00:00:26]}
10. Qxf3 {[%clk 01:32:11]} {[%emt 00:00:07]} O-O {[%clk 01:28:22]} {[%emt
00:00:20]} 11. Ne2 {[%clk 01:31:43]} {[%emt 00:00:58]} exf4 {[%clk 01:23:54]}
{[%emt 00:04:58]} 12. Bxf4 {[%clk 01:32:00]} {[%emt 00:00:13]} c6 {[%clk
01:23:31]} {[%emt 00:00:52]} 13. Ng3 {[%clk 01:29:30]} {[%emt 00:03:01]} Rc8
{[%clk 01:22:59]} {[%emt 00:01:04]} 14. Nf5 {[%clk 01:29:19]} {[%emt 00:00:40]}
d5 {[%clk 01:22:38]} {[%emt 00:00:50]} 15. e5 {[%clk 01:29:22]} {[%emt
00:00:27]} Nd7 {[%clk 01:22:46]} {[%emt 00:00:22]} 16. Qg4 {[%clk 01:28:12]}
{[%emt 00:01:38]} g6 {[%clk 01:19:48]} {[%emt 00:02:02]} 17. h4 {[%clk
01:21:40]} {[%emt 00:08:31]} h5 {[%clk 01:19:59]} {[%emt 00:00:18]} 18. Qg3
{[%clk 01:21:44]} {[%emt 00:00:26]} Ra8 {[%clk 01:18:08]} {[%emt 00:02:21]} 19.
Kd2 {[%clk 01:13:55]} {[%emt 00:08:19]} b5 {[%clk 01:18:21]} {[%emt 00:00:17]}
20. Ra6 {[%clk 01:10:00]} {[%emt 00:04:25]} Bb4+ {[%clk 01:18:12]} {[%emt
00:00:39]} 21. c3 {[%clk 01:10:02]} {[%emt 00:00:28]} Nc5 {[%clk 01:17:57]}
{[%emt 00:00:45]} 22. Rxc6 {[%clk 01:09:12]} {[%emt 00:01:21]} Nxb3+ {[%clk
01:17:54]} {[%emt 00:00:33]} 23. Kc2 {[%clk 01:09:25]} {[%emt 00:00:15]} Na5
{[%clk 01:18:10]} {[%emt 00:00:15]} 24. Rxg6+ {[%clk 01:08:33]} {[%emt
00:01:23]} fxg6 {[%clk 01:18:04]} {[%emt 00:00:36]} 25. Qxg6+ {[%clk 01:08:57]}
{[%emt 00:00:06]} Kh8 {[%clk 01:18:00]} {[%emt 00:00:34]} 26. Qg7# {[%clk
01:08:48]} {[%emt 00:00:08]} 1-0